Novela zákona o daniach z príjmov z účtovného hľadiska
NR SR dňa 23.4. 2003 schválila zákon č. 163/2003 Z.z., ktorým sa mení a dopĺňa zákon č. 366/1999 Z.z. o daniach z príjmov v znení neskorších predpisov a ktorým sa dopĺňa zákon č. 303/1995 Z.z. o rozpočtových pravidlách v znení neskorších predpisov. Nová možnosť daňového uplatnenia odpisu nepremlčaný...
Saved in:
| Main Author: | |
|---|---|
| Format: | Book Chapter |
| Language: | Slovak |
| Subjects: | |
| Tags: |
No Tags, Be the first to tag this record!
|
MARC
| LEADER | 00000naa a2200000 4500 | ||
|---|---|---|---|
| 001 | r049421 | ||
| 005 | 20231002123855.5 | ||
| 041 | 0 | |a slo | |
| 044 | |a SK | ||
| 245 | 1 | 0 | |a Novela zákona o daniach z príjmov z účtovného hľadiska |c Dušan Dobšovič |
| 520 | |a NR SR dňa 23.4. 2003 schválila zákon č. 163/2003 Z.z., ktorým sa mení a dopĺňa zákon č. 366/1999 Z.z. o daniach z príjmov v znení neskorších predpisov a ktorým sa dopĺňa zákon č. 303/1995 Z.z. o rozpočtových pravidlách v znení neskorších predpisov. Nová možnosť daňového uplatnenia odpisu nepremlčaných pohľadávok. Odpis pohľadávky a odpustenie záväzku v účtovníctve. Praktické príklady. | ||
| 610 | 2 | 0 | |a účtovníctvo |
| 610 | 2 | 0 | |a účtovníctvo podvojné |
| 610 | 2 | 0 | |a dane |
| 610 | 2 | 0 | |a odpisy účtovné |
| 610 | 2 | 0 | |a odpisy daňové |
| 610 | 2 | 0 | |a pohľadávky |
| 610 | 2 | 0 | |a dane z príjmov |
| 610 | 2 | 0 | |a úpravy právne |
| 610 | 2 | 0 | |a zákony |
| 610 | 2 | 0 | |a Slovensko |
| 100 | 1 | |a Dobšovič, Dušan | |